| 000 | 00522nam a22001817a 4500 | ||
|---|---|---|---|
| 005 | 20251108172231.0 | ||
| 008 | 250721s1999 xx 000 0 ara d | ||
| 082 | 1 | 4 | _a930/موس |
| 100 | 1 | _aالموسى، عصام | |
| 245 | 1 | 0 | _aالعرب و ثورة الإتصال الأولى / |
| 264 | 1 |
_aعمان : _bوزارة الثقافة، _c1999. |
|
| 300 | _a279ص. | ||
| 650 | 1 | 7 | _aتاريخ العرب |
| 650 | 1 | 7 | _aالكتابة القديمة |
| 650 | 1 | 7 | _aالأنباط |
| 942 |
_2ddc _cBK |
||
| 999 |
_c73842 _d73842 |
||